<?xml version="1.0" encoding="UTF-8"?>
<marc:record xmlns:marc="http://www.loc.gov/MARC21/slim">
   <marc:leader>00000nam a2200000 a 4500</marc:leader>
   <marc:datafield ind1="1" ind2=" " tag="100">
      <marc:subfield code="a">Gardner, Sally</marc:subfield>
      <marc:subfield code="4">aut</marc:subfield>
      <marc:subfield code="e">Verfasser/-in</marc:subfield>
   </marc:datafield>
   <marc:datafield ind1="1" ind2=" " tag="100">
      <marc:subfield code="a">Corry, Lydia</marc:subfield>
   </marc:datafield>
   <marc:datafield ind1="0" ind2="0" tag="245">
      <marc:subfield code="a">The Tindims of Rubbish Island</marc:subfield>
   </marc:datafield>
   <marc:datafield ind1="0" ind2="0" tag="245">
      <marc:subfield code="c">Sally Gardner. Lydia Corry</marc:subfield>
   </marc:datafield>
   <marc:datafield ind1=" " ind2="1" tag="264">
      <marc:subfield code="a">London</marc:subfield>
      <marc:subfield code="b">Zephyr</marc:subfield>
   </marc:datafield>
   <marc:datafield ind1="1" ind2=" " tag="520">
      <marc:subfield code="a">The tiny Tindims are like the Borrowers-on-Sea, who turn our everyday rubbish into treasure.&lt;br/&gt;&lt;br/&gt;Mother-and-daughter duo, prizewinning Sally Gardner and Lydia Corry, create a fun new world of characters and adventures in their empowering new series for 5-8 year olds inspiring conservation and inventive ways to recycle.&lt;br/&gt;&lt;br/&gt;'What is rubbish today is treasure tomorrow.' Discover Rubbish Island which the Tindims have built entirely from things we have thrown away. Captain Spoons, Mug, Jug, Brew, Skittle and friends are busy recycling when Ethel B Dina is blown out to sea and the Tindims must launch a rescue operation with the help of some friendly fish and surprises along the way.&lt;br/&gt;&lt;br/&gt;Source: Publisher</marc:subfield>
   </marc:datafield>
   <marc:datafield ind1=" " ind2=" " tag="020">
      <marc:subfield code="a">9781838935672</marc:subfield>
      <marc:subfield code="9">9781838935672</marc:subfield>
   </marc:datafield>
   <marc:datafield ind1=" " ind2=" " tag="041">
      <marc:subfield code="a">eng</marc:subfield>
   </marc:datafield>
   <marc:datafield ind1=" " ind2=" " tag="300">
      <marc:subfield code="b">Illustrationen</marc:subfield>
   </marc:datafield>
   <marc:datafield ind1="1" ind2=" " tag="521">
      <marc:subfield code="a">0</marc:subfield>
   </marc:datafield>
   <marc:datafield ind1=" " ind2=" " tag="300">
      <marc:subfield code="a">138 S.</marc:subfield>
   </marc:datafield>
</marc:record>
